U.S. Preamble - Statistics

General Stats
  • This quiz has been taken 41 times
  • The average score is 46 of 52
Answer Stats
Answer % Correct
a
100%
of
100%
of
100%
of
100%
people
100%
States
100%
States
100%
the
100%
the
100%
the
100%
the
100%
the
100%
the
100%
United
100%
United
100%
we
100%
America
96%
and
96%
and
96%
and
96%
for
96%
for
96%
form
96%
in
96%
more
96%
perfect
96%
union
96%
do
93%
order
93%
to
93%
to
93%
establish
89%
establish
89%
constitution
85%
liberty
85%
common
81%
justice
81%
this
81%
domestic
78%
general
78%
tranquility
78%
welfare
78%
defense
74%
ordain
74%
provide
74%
promote
70%
blessings
67%
our
67%
posterity
67%
insure
63%
ourselves
63%
secure
63%
No matching quizzes found
Score Distribution
Percent of People with Each Score
Percentile by Number Answered
Your Score History
You have not taken this quiz